[Event "XXVII Puchar Grunwaldu"]
[Site "Dadaj/Ramsowo"]
[Date "2012.09.17"]
[Round "1.1"]
[White "Gunajew, Rafal"]
[Black "Staruch, Roman"]
[Result "1-0"]
[WhiteElo "2269"]
[BlackElo "1945"]
[PlyCount "51"]
[EventDate "2012.09.16"]

1. g3 Nf6 2. Bg2 d5 3. Nf3 c5 4. O-O Nc6 5. d4 Bg4 6. Ne5 cxd4 7. Nxg4 Nxg4 8.
e3 Nf6 9. exd4 e6 10. c3 Bd6 11. Nd2 O-O 12. Re1 b5 13. a4 a6 14. b4 Qc7 15.
Nb3 bxa4 16. Rxa4 a5 17. b5 Na7 18. c4 Bb4 19. Bd2 Qxc4 20. Nxa5 Qxb5 21. Bxb4
Nc6 22. Bxf8 Kxf8 23. Bf1 Qb2 24. Nxc6 Rc8 25. Qc1 Qb3 26. Qc5+ 1-0

[Event "XXVII Puchar Grunwaldu"]
[Site "Dadaj/Ramsowo"]
[Date "2012.09.17"]
[Round "1.3"]
[White "Dukaczewski, Piotr"]
[Black "Hilton, Stephen H"]
[Result "1-0"]
[WhiteElo "2221"]
[BlackElo "1912"]
[PlyCount "61"]
[EventDate "2012.09.16"]

1. d4 Nf6 2. c4 g6 3. Nc3 d5 4. cxd5 Nxd5 5. g3 Bg7 6. Bg2 c6 7. Nf3 O-O 8. O-O
Nd7 9. e4 Nxc3 10. bxc3 Nf6 11. e5 Nd5 12. c4 Nb6 13. Qd3 Bf5 14. Qc3 Qd7 15.
Be3 Bh3 16. a4 Bxg2 17. Kxg2 Rad8 18. a5 Nc8 19. Rfd1 e6 20. Rab1 b6 21. axb6
axb6 22. Bg5 f6 23. exf6 Bxf6 24. h4 Qg7 25. Qe3 Rfe8 26. Bxf6 Qxf6 27. Ne5 Rd6
28. c5 bxc5 29. dxc5 Rxd1 30. Rxd1 Ne7 31. Ng4 1-0

[Event "XXVII Puchar Grunwaldu"]
[Site "Dadaj/Ramsowo"]
[Date "2012.09.17"]
[Round "1.4"]
[White "Czajkowski, Adam"]
[Black "Mackowiak, Marek"]
[Result "1-0"]
[WhiteElo "1887"]
[BlackElo "2160"]
[PlyCount "125"]
[EventDate "2012.09.16"]

1. e4 g6 2. d4 Bg7 3. Nc3 d6 4. g3 c6 5. Bg2 Nf6 6. Nge2 Nbd7 7. O-O O-O 8. h3
Qc7 9. a4 e5 10. Be3 Rd8 11. f4 b6 12. g4 Ba6 13. g5 Nh5 14. dxe5 dxe5 15. f5
Nf4 16. Qe1 Nxe2+ 17. Nxe2 Bf8 18. Rf3 Bxe2 19. Qxe2 Qd6 20. Raf1 Qb4 21. fxg6
fxg6 22. Rf7 Nc5 23. Qf3 Qc4 24. h4 Bg7 25. b3 Qxc2 26. b4 Ne6 27. Re7 Rf8 28.
Qh3 Rxf1+ 29. Bxf1 Nf8 30. Qf3 Qb3 31. Bh3 Rd8 32. h5 gxh5 33. Kf2 h4 34. Rxg7+
Kxg7 35. Qf6+ Kg8 36. Qxd8 Qf7+ 37. Bf5 Kg7 38. Qb8 Ng6 39. Kg2 Qe7 40. a5 c5
41. bxc5 bxc5 42. a6 Kf7 43. Qb7 c4 44. Qxa7 Nf4+ 45. Kh2 Qxa7 46. Bxa7 Nd3 47.
Be3 Nb4 48. a7 Nc6 49. a8=Q Ne7 50. Bc5 c3 51. Bxe7 Kxe7 52. Qc8 h6 53. Qxc3
hxg5 54. Qxe5+ Kf7 55. Qe6+ Kg7 56. Qd7+ Kf6 57. Qd6+ Kf7 58. e5 g4 59. e6+ Kf6
60. Bxg4 h3 61. e7+ Kg5 62. e8=R Kh4 63. Qf6+ 1-0

[Event "XXVII Puchar Grunwaldu"]
[Site "Dadaj/Ramsowo"]
[Date "2012.09.17"]
[Round "1.5"]
[White "Suder, Ryszard"]
[Black "Traczyk, Tadeusz"]
[Result "1-0"]
[WhiteElo "2145"]
[BlackElo "1875"]
[PlyCount "105"]
[EventDate "2012.09.16"]

1. Nf3 Nf6 2. d4 e6 3. g3 d5 4. Bg2 Be7 5. c4 O-O 6. Qc2 c6 7. O-O Nbd7 8. Nbd2
Re8 9. b3 b6 10. e4 dxe4 11. Nxe4 Bb7 12. Bb2 Nxe4 13. Qxe4 Nf6 14. Qe2 c5 15.
Rad1 Qc8 16. Ne5 Bxg2 17. Kxg2 Qb7+ 18. Qf3 Qxf3+ 19. Kxf3 cxd4 20. Bxd4 Rac8
21. Rd3 h6 22. Rfd1 Rc7 23. Be3 Rec8 24. h4 Rb7 25. g4 Nh7 26. Kg3 Nf8 27. f4
f6 28. Nf3 Rcc7 29. Nd4 Kf7 30. Kf3 Rd7 31. Nc6 Rxd3 32. Rxd3 Nd7 33. h5 Rc7
34. Nd4 Nc5 35. Rd2 Nd7 36. Nb5 Rb7 37. Rg2 g5 38. hxg6+ Kxg6 39. f5+ Kf7 40.
fxe6+ Kxe6 41. Bxh6 Ne5+ 42. Ke4 Nf7 43. Nd4+ Kd7 44. Bf4 Nd6+ 45. Kd3 Nf7 46.
Nf5 Bb4 47. Re2 Nd8 48. Rh2 Kc6 49. Rh6 Rf7 50. Be5 Kb7 51. Rxf6 Rd7+ 52. Ke2
Re7 53. Nxe7 1-0

[Event "XXVII Puchar Grunwaldu"]
[Site "Dadaj/Ramsowo"]
[Date "2012.09.17"]
[Round "1.6"]
[White "Dziobek, Jerzy"]
[Black "Migala, Andrzej"]
[Result "1/2-1/2"]
[WhiteElo "1752"]
[BlackElo "2078"]
[PlyCount "41"]
[EventDate "2012.09.16"]

1. d4 d5 2. Nf3 Nf6 3. Nbd2 g6 4. c3 Bg7 5. e3 O-O 6. Bd3 b6 7. O-O Bb7 8. Re1
Nbd7 9. e4 c5 10. e5 Ne8 11. Ng5 Nc7 12. h4 cxd4 13. cxd4 h6 14. Ndf3 hxg5 15.
Nxg5 Nf6 16. exf6 exf6 17. Nf3 Re8 18. Bd2 Rxe1+ 19. Qxe1 Qe8 20. Qxe8+ Rxe8
21. Re1 1/2-1/2

[Event "XXVII Puchar Grunwaldu"]
[Site "Dadaj/Ramsowo"]
[Date "2012.09.17"]
[Round "1.7"]
[White "Krol, Mariusz"]
[Black "Wyrzykowski, Jozef"]
[Result "1/2-1/2"]
[WhiteElo "2024"]
[BlackElo "1725"]
[PlyCount "78"]
[EventDate "2012.09.16"]

1. d4 d5 2. c4 e6 3. Nc3 Nf6 4. a3 Be7 5. Bf4 a6 6. e3 Nc6 7. c5 b6 8. b4 O-O
9. Bd3 g6 10. h3 Nh5 11. Bh2 b5 12. Nf3 f5 13. O-O Bf6 14. Be2 Bd7 15. Qb3 Bg7
16. Rfd1 Nf6 17. a4 Ne7 18. axb5 axb5 19. Rxa8 Qxa8 20. Bxc7 Qb7 21. Bb6 Qa6
22. Ne5 Be8 23. Qb2 Ne4 24. Ra1 Qc8 25. Nxb5 Bxb5 26. Bxb5 Bxe5 27. dxe5 Nc6
28. Bxc6 Qxc6 29. b5 Qc8 30. c6 f4 31. Ra7 fxe3 32. Bxe3 Qd8 33. c7 Qh4 34. b6
g5 35. f3 Qe1+ 36. Kh2 Qg3+ 37. Kh1 Qe1+ 38. Bg1 Ng3+ 39. Kh2 Nf1+ 1/2-1/2

[Event "XXVII Puchar Grunwaldu"]
[Site "Dadaj/Ramsowo"]
[Date "2012.09.17"]
[Round "1.8"]
[White "Krynicki, Henryk"]
[Black "Gosek, Zenon"]
[Result "0-1"]
[WhiteElo "1716"]
[BlackElo "2022"]
[PlyCount "54"]
[EventDate "2012.09.16"]

1. e4 c5 2. Nf3 e6 3. d4 cxd4 4. Nxd4 a6 5. Nc3 Qc7 6. g3 Nf6 7. Bg2 Be7 8. O-O
O-O 9. Re1 d6 10. Nde2 Nc6 11. b3 b5 12. Bb2 Bb7 13. Nf4 Rac8 14. Rc1 Rfd8 15.
Nb1 Qb6 16. Nd3 b4 17. Nd2 a5 18. Nc4 Qa7 19. Nf4 e5 20. Nd5 Nxd5 21. exd5 Nb8
22. Bd4 Qa6 23. Be3 Nd7 24. f4 exf4 25. Bxf4 Bf8 26. Bg5 f6 27. Bf4 Ne5 0-1

[Event "XXVII Puchar Grunwaldu"]
[Site "Dadaj/Ramsowo"]
[Date "2012.09.17"]
[Round "1.9"]
[White "Falkowski, Dawid"]
[Black "Poswiatowski, Stanislaw"]
[Result "1-0"]
[WhiteElo "2020"]
[BlackElo "1700"]
[PlyCount "49"]
[EventDate "2012.09.16"]

1. e4 e6 2. Nf3 d5 3. Nc3 dxe4 4. Nxe4 Bd7 5. d4 Bc6 6. Bd3 Bxe4 7. Bxe4 c6 8.
c3 Nf6 9. Bc2 Nbd7 10. O-O Be7 11. Re1 O-O 12. Qd3 Re8 13. Bg5 Nf8 14. Rad1 Nd5
15. Bc1 Qc7 16. Ng5 Nf6 17. Re3 c5 18. Rh3 g6 19. Qe3 cxd4 20. Rxd4 e5 21. Rdh4
Bd8 22. Bb3 Ne6 23. Nxh7 Nxh7 24. Rxh7 Bg5 25. Qxg5 1-0

[Event "XXVII Puchar Grunwaldu"]
[Site "Dadaj/Ramsowo"]
[Date "2012.09.17"]
[Round "1.10"]
[White "Bzowski, Grzegorz"]
[Black "Pawelec, Bartosz"]
[Result "0-1"]
[WhiteElo "1685"]
[BlackElo "2012"]
[PlyCount "34"]
[EventDate "2012.09.16"]

1. d4 d5 2. c4 dxc4 3. a4 e5 4. d5 Nf6 5. Nc3 Bb4 6. Bg5 Qxd5 7. Bxf6 Qxd1+ 8.
Rxd1 gxf6 9. e4 Be6 10. Nf3 Nd7 11. Nd2 Nb6 12. Nb5 O-O-O 13. Nxa7+ Kb8 14. Nb5
Nxa4 15. Na3 Nxb2 16. Nab1 Nxd1 17. Kxd1 c3 0-1

[Event "XXVII Puchar Grunwaldu"]
[Site "Dadaj/Ramsowo"]
[Date "2012.09.17"]
[Round "2.1"]
[White "Falkowski, Dawid"]
[Black "Gunajew, Rafal"]
[Result "0-1"]
[WhiteElo "2020"]
[BlackElo "2269"]
[PlyCount "83"]
[EventDate "2012.09.16"]

1. e4 c5 2. Nf3 e6 3. d4 cxd4 4. Nxd4 Bc5 5. Nc3 Qb6 6. Na4 Qa5+ 7. c3 Bxd4 8.
Qxd4 e5 9. Qc5 Qxc5 10. Nxc5 b6 11. Nd3 f6 12. Nb4 Ne7 13. Bc4 Bb7 14. f3 Nbc6
15. Nxc6 Bxc6 16. Be3 O-O-O 17. O-O-O d5 18. exd5 Bxd5 19. Ba6+ Kc7 20. Kc2 Be6
21. Rhe1 Nd5 22. Bc1 Rd6 23. Bd3 Rhd8 24. Be4 g6 25. Bxd5 Bxd5 26. Be3 Kc6 27.
Rd2 Bc4 28. Rxd6+ Rxd6 29. b3 Bd3+ 30. Kc1 f5 31. Bf2 e4 32. Bd4 Rd7 33. f4 a5
34. Kd2 b5 35. Ke3 a4 36. Rd1 Rd8 37. b4 Kd5 38. h4 Rg8 39. Bf6 h6 40. Kd2 Ke6
41. Bd4 Bc4 42. Ke3 0-1

[Event "XXVII Puchar Grunwaldu"]
[Site "Dadaj/Ramsowo"]
[Date "2012.09.17"]
[Round "2.2"]
[White "Stachanczyk, Jacek"]
[Black "Jelen, Janusz"]
[Result "1-0"]
[WhiteElo "2247"]
[BlackElo "1977"]
[PlyCount "45"]
[EventDate "2012.09.16"]

1. e4 e5 2. Nf3 d6 3. d4 exd4 4. Nxd4 Nf6 5. Nc3 c6 6. Bf4 Be7 7. Qd2 a5 8. a4
O-O 9. O-O-O Na6 10. f3 Nc7 11. g4 Nfe8 12. Nf5 Bxf5 13. gxf5 f6 14. Rg1 Kh8
15. h4 Qb8 16. h5 b5 17. axb5 cxb5 18. h6 Rg8 19. hxg7+ Rxg7 20. Rxg7 Kxg7 21.
Qg2+ Kh8 22. Bh6 a4 23. Bc4 1-0

 Bh6 a4 23. Bc4 1-0

3 d5 23. Nb1) 22. Qd5 Qf8 23. Bxb5) 19.
hxg7+ Rxg7 20. Rxg7 Kxg7 21. Qg2+ Kh8 22. Bh6 a4 23. Bc4 1-0

[Event "XXVII Puchar Grunwaldu"]
[Site "Dadaj/Ramsowo"]
[Date "2012.09.17"]
[Round "2.3"]
[White "Pawelec, Bartosz"]
[Black "Dukaczewski, Piotr"]
[Result "1-0"]
[WhiteElo "2012"]
[BlackElo "2221"]
[PlyCount "77"]
[EventDate "2012.09.16"]

1. e4 c6 2. d4 d5 3. e5 Bf5 4. Nf3 e6 5. Be2 c5 6. O-O Nc6 7. a3 Qb6 8. c4 cxd4
9. cxd5 exd5 10. b4 Nh6 11. Bb2 a5 12. b5 Bc5 13. bxc6 Qxb2 14. cxb7 Rb8 15.
Qa4+ Ke7 16. Qc6 Qb6 17. Qxb6 Bxb6 18. Ba6 Bc2 19. Ra2 d3 20. Nbd2 Nf5 21. Ne1
Nd4 22. Nxc2 dxc2 23. Nf3 Nb3 24. Rxc2 Nc5 25. Rb1 Ba7 26. Bf1 Ne4 27. Rb5 Rhd8
28. Rc7+ Ke8 29. Rb2 Nxf2 30. Bb5+ Kf8 31. Rxf2 Bb6 32. Rcc2 Rxb7 33. a4 Ke7
34. Kf1 Bxf2 35. Kxf2 d4 36. Rd2 d3 37. Ke3 f6 38. Rxd3 Rxd3+ 39. Kxd3 1-0

[Event "XXVII Puchar Grunwaldu"]
[Site "Dadaj/Ramsowo"]
[Date "2012.09.17"]
[Round "2.5"]
[White "Gosek, Zenon"]
[Black "Czajkowski, Adam"]
[Result "1-0"]
[WhiteElo "2022"]
[BlackElo "1887"]
[PlyCount "63"]
[EventDate "2012.09.16"]

1. e4 c5 2. Nf3 e6 3. d4 cxd4 4. Nxd4 a6 5. Bd3 Nc6 6. Be3 Nf6 7. O-O Qc7 8.
Kh1 Bd6 9. h3 h5 10. Nxc6 dxc6 11. f4 e5 12. Qf3 Ng4 13. fxe5 Nxe5 14. Qe2 Be6
15. Nd2 O-O-O 16. Nc4 Bxc4 17. Bxc4 Qe7 18. Bb6 Rdg8 19. Rad1 Rh6 20. Rd2 g5
21. Rf5 g4 22. Be3 gxh3 23. g3 Rf6 24. Qf1 Rxf5 25. Qxf5+ Kc7 26. Bf1 Rxg3 27.
Bb6+ Kxb6 28. Qf2+ Kc7 29. Qxg3 Nc4 30. Rxd6 Qxe4+ 31. Kh2 Qxc2+ 32. Rd2+ 1-0

[Event "XXVII Puchar Grunwaldu"]
[Site "Dadaj/Ramsowo"]
[Date "2012.09.17"]
[Round "2.6"]
[White "Migala, Andrzej"]
[Black "Krol, Mariusz"]
[Result "1-0"]
[WhiteElo "2078"]
[BlackElo "2024"]
[PlyCount "47"]
[EventDate "2012.09.16"]

1. e4 c6 2. d4 d5 3. e5 Bf5 4. Nf3 e6 5. a3 h6 6. Be2 Nd7 7. Nbd2 Qc7 8. c4
dxc4 9. Nxc4 O-O-O 10. b4 Nb6 11. Nxb6+ Qxb6 12. Be3 Qc7 13. Rc1 Kb8 14. Qa4
Ne7 15. d5 Rxd5 16. Qxa7+ Kc8 17. Bb6 Qb8 18. Qa4 Bd3 19. b5 Bxb5 20. Bxb5 g5
21. O-O g4 22. Nd4 Rxe5 23. Bxc6 bxc6 24. Nxc6 1-0

[Event "XXVII Puchar Grunwaldu"]
[Site "Dadaj/Ramsowo"]
[Date "2012.09.17"]
[Round "2.7"]
[White "Wyrzykowski, Jozef"]
[Black "Dziobek, Jerzy"]
[Result "0-1"]
[WhiteElo "1725"]
[BlackElo "1752"]
[PlyCount "86"]
[EventDate "2012.09.16"]

1. c4 c6 2. Nc3 d5 3. cxd5 cxd5 4. d4 e6 5. e3 Nf6 6. a3 a6 7. Nf3 Nbd7 8. Bd3
Bd6 9. Bd2 b5 10. O-O Bb7 11. b4 O-O 12. Rc1 Rc8 13. Qb3 Qe7 14. Rc2 Nb6 15.
Rfc1 Nc4 16. Be1 e5 17. dxe5 Bxe5 18. Nxe5 Qxe5 19. h3 Nxe3 20. Bxh7+ Nxh7 21.
fxe3 Qxe3+ 22. Bf2 Qg5 23. Bc5 Rfe8 24. Rd1 Nf6 25. Rf2 Re6 26. Rdf1 Rce8 27.
Bd4 Re1 28. Bxf6 Rxf1+ 29. Rxf1 gxf6 30. Nd1 d4 31. g4 Qd2 32. Qg3 Qe2 33. Nf2
Qe3 34. Qd6 Qf3 35. Qh2 d3 36. Nd1 Qe2 37. Rxf6 Qxd1+ 38. Rf1 Qe2 39. Rf2 Qe1+
40. Rf1 d2 41. Qf4 Qe3+ 42. Qxe3 Rxe3 43. Kf2 Rf3+ 0-1

[Event "XXVII Puchar Grunwaldu"]
[Site "Dadaj/Ramsowo"]
[Date "2012.09.17"]
[Round "2.8"]
[White "Mackowiak, Marek"]
[Black "Traczyk, Tadeusz"]
[Result "1-0"]
[WhiteElo "2160"]
[BlackElo "1875"]
[PlyCount "57"]
[EventDate "2012.09.16"]

1. c4 e5 2. Nc3 Nf6 3. g3 Bc5 4. Bg2 O-O 5. Nf3 e4 6. Nh4 Re8 7. O-O d6 8. d4
exd3 9. Qxd3 Nbd7 10. Na4 Bb6 11. Nxb6 axb6 12. b3 Nc5 13. Qc2 Ne6 14. Bb2 Ng5
15. Nf5 Nge4 16. Nxg7 Kxg7 17. Bxe4 h6 18. e3 Kg8 19. Bf5 Bxf5 20. Qxf5 Ne4 21.
f3 Ng5 22. h4 Ne6 23. Qh5 f6 24. Qg6+ Ng7 25. Bxf6 Qd7 26. Qxh6 Re6 27. Qxg7+
Qxg7 28. Bxg7 Kxg7 29. e4 1-0

[Event "XXVII Puchar Grunwaldu"]
[Site "Dadaj/Ramsowo"]
[Date "2012.09.17"]
[Round "2.9"]
[White "Staruch, Roman"]
[Black "Krynicki, Henryk"]
[Result "1/2-1/2"]
[WhiteElo "1945"]
[BlackElo "1716"]
[PlyCount "92"]
[EventDate "2012.09.16"]

1. e4 c5 2. Nf3 a6 3. c3 d5 4. e5 Nc6 5. d4 e6 6. Bd3 cxd4 7. cxd4 Qb6 8. O-O
Bd7 9. Bc2 Be7 10. Nc3 f5 11. exf6 Bxf6 12. Re1 Nge7 13. Na4 Qc7 14. Nc5 Nxd4
15. Nxd4 Qxc5 16. Nxe6 Bxe6 17. Rxe6 O-O 18. Qd3 Ng6 19. Be3 Qc4 20. Rb6 Qxd3
21. Bxd3 Ne5 22. Bf5 Nc4 23. Be6+ Kh8 24. Rxb7 Nxe3 25. fxe3 Rae8 26. Bxd5 Rxe3
27. Rf1 Rd3 28. Bf3 Rd2 29. Rb1 h6 30. h3 Rc8 31. Kh1 Bg5 32. Ra7 Bf6 33. Rxa6
Bxb2 34. a4 Be5 35. Ra8 Rxa8 36. Bxa8 Ra2 37. Bc6 Ra1 38. Rxa1 Bxa1 39. a5 Bd4
40. a6 Kg8 41. g4 Kf8 42. Kg2 Ke7 43. Kf3 Kd6 44. Ke4 Bb6 45. Bd5 Kc7 46. Kf5
Kb8 1/2-1/2

[Event "XXVII Puchar Grunwaldu"]
[Site "Dadaj/Ramsowo"]
[Date "2012.09.17"]
[Round "2.10"]
[White "Poswiatowski, Stanislaw"]
[Black "Wojcieszyn, Zdzislaw"]
[Result "0-1"]
[WhiteElo "1700"]
[BlackElo "1944"]
[PlyCount "62"]
[EventDate "2012.09.16"]

1. d4 d5 2. Nf3 Nf6 3. c4 e6 4. cxd5 exd5 5. Nc3 c6 6. Qc2 Bd6 7. Bg5 O-O 8. e3
h6 9. Bh4 Nbd7 10. Bd3 Re8 11. O-O g5 12. Bg3 Bxg3 13. hxg3 Qe7 14. Rab1 a5 15.
a3 Ne4 16. b4 axb4 17. axb4 Ra3 18. Rb3 Rxb3 19. Qxb3 Nxg3 20. Ra1 Ne4 21. b5
Nxf2 22. bxc6 bxc6 23. Nd1 Nxd1 24. Rxd1 Qxe3+ 25. Kh1 Qf4 26. Qc2 Qd6 27. Bh7+
Kg7 28. Qf2 Re7 29. Bf5 Ba6 30. Ra1 Be2 31. Ng1 Bh5 0-1

[Event "XXVII Puchar Grunwaldu"]
[Site "Dadaj/Ramsowo"]
[Date "2012.09.17"]
[Round "2.11"]
[White "Hilton, Stephen H"]
[Black "Bzowski, Grzegorz"]
[Result "1-0"]
[WhiteElo "1912"]
[BlackElo "1685"]
[PlyCount "59"]
[EventDate "2012.09.16"]

1. Nf3 e6 2. d4 d5 3. c4 Nf6 4. Nc3 c6 5. cxd5 exd5 6. Bg5 Be7 7. Qc2 Nbd7 8.
e3 O-O 9. Bd3 Re8 10. O-O Nf8 11. Bxf6 Bxf6 12. b4 a6 13. a4 Bg4 14. Nd2 Qd7
15. Nb3 Be7 16. Nc5 Qc7 17. a5 Bd6 18. h3 Bc8 19. N3a4 Be7 20. Nb6 Ra7 21. Bf5
Bxf5 22. Qxf5 Bd8 23. Rac1 Qd6 24. Nc8 Qb8 25. Nxa7 Qxa7 26. Qc8 Ng6 27. Nxb7
Ne7 28. Qd7 Rf8 29. Nc5 Bc7 30. Kh1 1-0

[Event "XXVII Puchar Grunwaldu"]
[Site "Dadaj/Ramsowo"]
[Date "2012.09.18"]
[Round "3.1"]
[White "Gunajew, Rafal"]
[Black "Gosek, Zenon"]
[Result "1/2-1/2"]
[WhiteElo "2269"]
[BlackElo "2022"]
[PlyCount "80"]
[EventDate "2012.09.16"]

1. e4 c5 2. Nf3 d6 3. Bd3 Nc6 4. c3 Nf6 5. Bc2 e6 6. O-O Be7 7. d4 cxd4 8. cxd4
d5 9. e5 Ne4 10. a3 Bd7 11. Re1 Ng5 12. Nxg5 Bxg5 13. Nc3 a6 14. Qg4 h6 15. h4
Bxc1 16. Raxc1 g5 17. Rcd1 Qe7 18. h5 O-O-O 19. Re3 Rhf8 20. Qg3 f5 21. exf6
Qxf6 22. Rf3 Qg7 23. Na4 Rde8 24. Nb6+ Kd8 25. Ba4 Rxf3 26. gxf3 Qf8 27. Bxc6
Bxc6 28. Qb8+ Ke7 29. Qc7+ Kf6 30. Rc1 Qe7 31. Qe5+ Kf7 32. Rc3 Qf6 33. Qe3 e5
34. dxe5 Rxe5 35. Qd3 Qf5 36. Kg2 Kf6 37. Qd4 Qf4 38. Qc5 Kf7 39. Re3 Qf5 40.
Nc4 Rxe3 1/2-1/2

[Event "XXVII Puchar Grunwaldu"]
[Site "Dadaj/Ramsowo"]
[Date "2012.09.18"]
[Round "3.2"]
[White "Suder, Ryszard"]
[Black "Stachanczyk, Jacek"]
[Result "0-1"]
[WhiteElo "2145"]
[BlackElo "2247"]
[PlyCount "60"]
[EventDate "2012.09.16"]

1. Nf3 g6 2. d4 Bg7 3. Bf4 Nf6 4. e3 O-O 5. Be2 d6 6. h3 c5 7. c3 Be6 8. O-O
Qb6 9. Qc2 Nc6 10. Nbd2 Rac8 11. dxc5 Qxc5 12. Nb3 Qb6 13. Nbd4 Nxd4 14. exd4
Nd5 15. Be3 Nxe3 16. fxe3 Bh6 17. Qd2 Bd5 18. a4 e5 19. a5 Qc7 20. Kh1 exd4 21.
Qxd4 Qc5 22. Rfd1 Bc6 23. Qxd6 Qxe3 24. Qd3 Qf2 25. Rf1 Qg3 26. Ne1 Qe5 27. Nf3
Qg3 28. Ne1 Qc7 29. Nf3 Rfe8 30. Qc4 Bxf3 0-1

[Event "XXVII Puchar Grunwaldu"]
[Site "Dadaj/Ramsowo"]
[Date "2012.09.18"]
[Round "3.3"]
[White "Dziobek, Jerzy"]
[Black "Pawelec, Bartosz"]
[Result "0-1"]
[WhiteElo "1752"]
[BlackElo "2012"]
[PlyCount "56"]
[EventDate "2012.09.16"]

1. d4 d5 2. Nf3 Nf6 3. c3 Nbd7 4. Nbd2 c5 5. e3 g6 6. Bd3 Bg7 7. O-O O-O 8. Re1
Qc7 9. Nf1 e5 10. dxe5 Nxe5 11. Be2 Bf5 12. Ng3 Be6 13. Nxe5 Qxe5 14. Bf3 h5
15. Nf1 Ne4 16. Nd2 Rac8 17. Qe2 Rfd8 18. c4 Nxd2 19. Bxd2 dxc4 20. Bxb7 Qxb2
21. Rab1 Qxd2 22. Qxd2 Rxd2 23. Bxc8 Bxc8 24. Rb8 Rd8 25. g3 Kf8 26. f4 Ke8 27.
e4 Bd4+ 28. Kg2 Bh3+ 0-1

[Event "XXVII Puchar Grunwaldu"]
[Site "Dadaj/Ramsowo"]
[Date "2012.09.18"]
[Round "3.4"]
[White "Dukaczewski, Piotr"]
[Black "Migala, Andrzej"]
[Result "1-0"]
[WhiteElo "2221"]
[BlackElo "2078"]
[PlyCount "51"]
[EventDate "2012.09.16"]

1. c4 c6 2. e4 e5 3. Nc3 d6 4. Nf3 Bg4 5. Be2 Be7 6. O-O Nf6 7. d4 Qc7 8. Be3
O-O 9. h3 Bxf3 10. Bxf3 Re8 11. g3 Bf8 12. Bg2 a5 13. c5 exd4 14. Bxd4 Nfd7 15.
cxd6 Qxd6 16. e5 Nxe5 17. Ne4 Qc7 18. f4 Ned7 19. Qg4 Na6 20. Rac1 Nb4 21. Rfd1
Rad8 22. a3 Na6 23. Kh2 Nab8 24. Ng5 h6 25. Nxf7 Kxf7 26. Bd5+ 1-0

7 Kxf7 26. Bd5+ 1-0

 h6 26.
Be4 Nf6 27. Bxf6 gxf6 28. Nh7 Nd7 29. Rxd7 Rdxd7 30. Nxf6+ Kg7) 25. Nxf7 Kxf7
26. Bd5+ 1-0

[Event "XXVII Puchar Grunwaldu"]
[Site "Dadaj/Ramsowo"]
[Date "2012.09.18"]
[Round "3.6"]
[White "Czajkowski, Adam"]
[Black "Falkowski, Dawid"]
[Result "0-1"]
[WhiteElo "1887"]
[BlackElo "2020"]
[PlyCount "62"]
[EventDate "2012.09.16"]

1. e4 c5 2. Nf3 Nc6 3. Bb5 d6 4. O-O Bd7 5. c3 Nf6 6. Re1 g6 7. d4 cxd4 8. cxd4
Bg7 9. Nc3 O-O 10. h3 Rc8 11. Bxc6 Bxc6 12. d5 Bd7 13. Qb3 b5 14. a4 a6 15.
axb5 axb5 16. Be3 Rxc3 17. bxc3 Nxe4 18. Bd4 Nc5 19. Bxc5 dxc5 20. Ra7 Bf6 21.
c4 b4 22. Ne5 Bxe5 23. Rxd7 Qxd7 24. Rxe5 Ra8 25. Qe3 Qd6 26. g3 b3 27. Qc3 Qa6
28. Kg2 Qa1 29. Re3 b2 30. Rxe7 b1=Q 31. Qf3 Qh1# 0-1

[Event "XXVII Puchar Grunwaldu"]
[Site "Dadaj/Ramsowo"]
[Date "2012.09.18"]
[Round "3.7"]
[White "Jelen, Janusz"]
[Black "Hilton, Stephen H"]
[Result "0-1"]
[WhiteElo "1977"]
[BlackElo "1912"]
[PlyCount "83"]
[EventDate "2012.09.16"]

1. d4 Nf6 2. c4 g6 3. Nc3 d5 4. cxd5 Nxd5 5. e4 Nxc3 6. bxc3 Bg7 7. f4 O-O 8.
Nf3 c5 9. Be3 Qa5 10. Qd2 Nc6 11. e5 cxd4 12. cxd4 Qxd2+ 13. Bxd2 Rd8 14. Bc3
Bg4 15. Rd1 e6 16. Be2 Rac8 17. Ba1 Nb4 18. Kf2 Nxa2 19. Rd3 Nb4 20. Rb3 a5 21.
Bc3 Bf8 22. Bb5 Bxf3 23. Kxf3 b6 24. Ra1 Rc7 25. Ke4 Nd5 26. Bd2 Bb4 27. Bc1
Nc3+ 28. Rxc3 Bxc3 29. Ra4 Rxd4+ 30. Rxd4 Bxd4 31. Ba3 Bc5 32. Bb2 Ra7 33. Ba4
Rc7 34. g4 Bg1 35. Bb5 Rc2 36. Ba1 a4 37. Bd3 Rxh2 38. f5 gxf5+ 39. gxf5 Rh4+
40. Kf3 Rh3+ 41. Ke2 Rxd3 42. Kxd3 0-1

[Event "XXVII Puchar Grunwaldu"]
[Site "Dadaj/Ramsowo"]
[Date "2012.09.18"]
[Round "3.9"]
[White "Krol, Mariusz"]
[Black "Staruch, Roman"]
[Result "1-0"]
[WhiteElo "2024"]
[BlackElo "1945"]
[PlyCount "144"]
[EventDate "2012.09.16"]

1. d4 Nf6 2. c4 e6 3. Nc3 d5 4. Bf4 Nh5 5. Be5 dxc4 6. e3 Nf6 7. Bxc4 Nbd7 8.
Bg3 Nb6 9. Bb3 Bb4 10. Bh4 Be7 11. Nf3 O-O 12. O-O Nbd5 13. Qd3 Nxc3 14. bxc3
Nd5 15. Bc2 g6 16. Bg3 c6 17. e4 Nf6 18. Bf4 Qa5 19. h3 b6 20. Rfd1 Bb7 21. Bd2
Rfd8 22. e5 Ne8 23. Qe3 Qa3 24. h4 Ng7 25. Qh6 Nf5 26. Bxf5 exf5 27. Ng5 Bxg5
28. Bxg5 Qf8 29. Qxf8+ Rxf8 30. Bf6 Rfc8 31. c4 Kf8 32. Rd3 Ke8 33. h5 Ba6 34.
Rc1 b5 35. c5 b4 36. Rh3 Kd7 37. hxg6 hxg6 38. f3 Rab8 39. g4 fxg4 40. fxg4 Be2
41. Rg3 a5 42. Kf2 Ba6 43. Rf3 a4 44. Bg5 b3 45. Rxf7+ Ke6 46. Rf6+ Kd5 47.
Rd6+ Ke4 48. axb3 axb3 49. Re1+ Kd3 50. Bc1 b2 51. Bxb2 Rxb2+ 52. Kg3 g5 53. e6
Re2 54. Rxe2 Kxe2 55. e7 Re8 56. Rxc6 Bd3 57. Re6+ Kd2 58. d5 Bc4 59. Re5 Bb5
60. d6 Kd3 61. Rxg5 Bd7 62. c6 Bxc6 63. d7 Bxd7 64. Rd5+ Ke4 65. Rxd7 Ke5 66.
Kh4 Ke6 67. Ra7 Rxe7 68. Rxe7+ Kxe7 69. Kg5 Kf7 70. Kh6 Kg8 71. Kg6 Kh8 72. Kf7
Kh7 1-0

[Event "XXVII Puchar Grunwaldu"]
[Site "Dadaj/Ramsowo"]
[Date "2012.09.18"]
[Round "3.10"]
[White "Krynicki, Henryk"]
[Black "Wyrzykowski, Jozef"]
[Result "1-0"]
[WhiteElo "1716"]
[BlackElo "1725"]
[PlyCount "59"]
[EventDate "2012.09.16"]

1. e4 e5 2. Bc4 Be7 3. c3 Nf6 4. Qe2 Nc6 5. Nf3 d6 6. h3 a6 7. O-O O-O 8. d4 b5
9. Bd5 Bb7 10. dxe5 Nxd5 11. exd5 Na7 12. Rd1 dxe5 13. Qxe5 Bd6 14. Qd4 Re8 15.
Nbd2 Bxd5 16. c4 Nc6 17. Qxd5 Nb4 18. Qf5 g6 19. Qb1 Bf4 20. a3 Nc6 21. cxb5
axb5 22. Qc2 Re2 23. Qxc6 b4 24. Qc4 Rxd2 25. Bxd2 Bd6 26. Bxb4 Qf6 27. Bc3 Qe7
28. Qd4 f6 29. Qd5+ Kg7 30. Qxa8 1-0

[Event "XXVII Puchar Grunwaldu"]
[Site "Dadaj/Ramsowo"]
[Date "2012.09.18"]
[Round "3.11"]
[White "Traczyk, Tadeusz"]
[Black "Poswiatowski, Stanislaw"]
[Result "1-0"]
[WhiteElo "1875"]
[BlackElo "1700"]
[PlyCount "71"]
[EventDate "2012.09.16"]

1. e4 e6 2. d4 d5 3. Nc3 dxe4 4. Nxe4 Bd7 5. Nf3 Bc6 6. Bd3 Bxe4 7. Bxe4 c6 8.
c3 Nf6 9. Bc2 Nbd7 10. O-O Be7 11. Re1 O-O 12. Qd3 c5 13. Qe2 cxd4 14. Nxd4 Bc5
15. Nb3 Bb6 16. Rd1 Qe7 17. Nd4 Rfd8 18. Nf5 Qf8 19. Ng3 Rac8 20. Bg5 h6 21.
Be3 Bxe3 22. Qxe3 b6 23. h3 Nd5 24. Qf3 N7f6 25. Ne4 Nxe4 26. Qxe4 g6 27. Bb3
Rc5 28. Rd4 Nf6 29. Qd3 Rxd4 30. Qxd4 Qe7 31. Rd1 Rc7 32. Qf4 Kh7 33. Bc2 Rd7
34. Rxd7 Nxd7 35. Qc7 a5 36. Ba4 1-0

[Event "XXVII Puchar Grunwaldu"]
[Site "Dadaj/Ramsowo"]
[Date "2012.09.19"]
[Round "4.1"]
[White "Stachanczyk, Jacek"]
[Black "Pawelec, Bartosz"]
[Result "1-0"]
[WhiteElo "2247"]
[BlackElo "2012"]
[PlyCount "73"]
[EventDate "2012.09.16"]

1. Nf3 Nf6 2. g3 g6 3. Bg2 Bg7 4. O-O O-O 5. c4 c6 6. d3 d5 7. Qc2 dxc4 8. Qxc4
Be6 9. Qc2 Na6 10. a3 Qc8 11. b4 Bh3 12. Bb2 Nc7 13. Nbd2 Bxg2 14. Kxg2 Ncd5
15. Nc4 Ng4 16. Bxg7 Kxg7 17. Qb2+ f6 18. h3 Nh6 19. Rac1 Qd7 20. Na5 Nf7 21.
Rfd1 Nd6 22. Nd2 Rab8 23. Ne4 e5 24. Nxd6 Qxd6 25. e4 Nb6 26. d4 Qe6 27. d5
cxd5 28. Qb3 Rfd8 29. Rc7+ Rd7 30. exd5 Qd6 31. Rxd7+ Qxd7 32. d6 Na8 33. Qf3
b5 34. Nb3 Nb6 35. Nc5 Qe8 36. d7 Qe7 37. d8=R 1-0